| 000 | 01140nam0a22002771 4500 | ||
|---|---|---|---|
| 001 | rc\989820 | ||
| 005 | 20041129101459.7 | ||
| 035 | _a(NLR Aleph) 006157126 | ||
| 090 |
_a5823770 _c5823770 |
||
| 100 | _a20041129d1981 u |0rusy50 ca | ||
| 101 | 0 | _arus | |
| 102 | _aRU | ||
| 105 | _aa ||||||||| | ||
| 200 | 1 |
_aРешение задачи текущего планирования производства в диалоговом режиме _eМетод. разраб. _fИ.А. Данильченко, С.Г. Мурузян, В.М. Кислер _gПод ред. проф. В.С. Синяка |
|
| 210 |
_aМ. _cАНХ СССР _d1981 |
||
| 215 |
_a38 с. _cил. _d20 |
||
| 300 | _aВ надзаг.: Акад. нар. хоз-ва СССР. Каф. вычисл. техники и автоматизир. систем упр. | ||
| 320 | _aБиблиогр.: с. 38 | ||
| 700 | 1 |
_aДанильченко _bИ. А. _gИгорь Антонович |
|
| 701 | 1 |
_aКислер _bВ. М. |
|
| 701 | 1 |
_aМурузян _bС. Г. |
|
| 801 | 0 |
_aRU _bNLR _gpsbo |
|
| 801 | 1 |
_aRU _bELAR _2rusmarc |
|
| 852 |
_aNLR _j82-4/19358 |
||
| 942 | _cBOOK | ||
| 980 | _aNB | ||